| 000 | 01156nam a2200289 i 4500 | ||
|---|---|---|---|
| 001 | 000038554 | ||
| 003 | DO-SdBNP | ||
| 005 | 20241029131136.0 | ||
| 007 | ta | ||
| 008 | 130415s1986 dr 000 0 spa d | ||
| 040 |
_aDO-SdBNP _bspa _cBNPHU _erda |
||
| 082 | 4 |
_a972.9304 _bS471b _222 |
|
| 111 | 2 |
_aSeminario Cívico-Militar sobre la Batalla del 30 de marzo de 1844. _d(1977 : _cSantiago de los Caballeros, República Dominicana ) _964896 |
|
| 245 | 1 | 0 | _aLa batalla del 30 de marzo de 1844. |
| 264 |
_aSantiago de los caballeros, República Dominicana : _bUTESA , _bFF.AA., _c1986. |
||
| 300 |
_a110 páginas ; _c23 cm. |
||
| 336 |
_ardacontent _btexto _2txt |
||
| 337 |
_ardamedia _bsin mediación _2n |
||
| 338 |
_ardacarrier _bvolumen _2nc |
||
| 590 | _aInventariado, 2020/MF | ||
| 650 | 4 |
_aBatalla del 30 de marzo _zRepública Dominicana _vCongresos, conferencias, etc. _964897 |
|
| 651 | 4 |
_aRepública Dominicana _xHistoria _y1844-1861 _vCongresos, conferencias, etc. _964898 |
|
| 710 | 2 |
_aUniversidad Tecnológica de Santiago _964899 |
|
| 710 | 1 | 2 |
_aRepública Dominicana. Secretaría de las Fuerzas Armadas _964900 |
| 910 | _aMF | ||
| 942 |
_2ddc _cLBS1 |
||
| 999 |
_c38044 _d38044 |
||